<?xml version="1.0" encoding="UTF-8"?><?xml-stylesheet type="text/xsl" href="static/style.xsl"?><OAI-PMH xmlns="http://www.openarchives.org/OAI/2.0/" xmlns:xsi="http://www.w3.org/2001/XMLSchema-instance" xsi:schemaLocation="http://www.openarchives.org/OAI/2.0/ http://www.openarchives.org/OAI/2.0/OAI-PMH.xsd"><responseDate>2026-04-18T21:38:14Z</responseDate><request verb="GetRecord" identifier="oai:riubu.ubu.es:10259/7703" metadataPrefix="marc">https://riubu.ubu.es/oai/request</request><GetRecord><record><header><identifier>oai:riubu.ubu.es:10259/7703</identifier><datestamp>2023-06-16T00:05:16Z</datestamp><setSpec>com_10259_4244</setSpec><setSpec>com_10259_5086</setSpec><setSpec>com_10259_2604</setSpec><setSpec>col_10259_4245</setSpec></header><metadata><record xmlns="http://www.loc.gov/MARC21/slim" xmlns:doc="http://www.lyncode.com/xoai" xmlns:xsi="http://www.w3.org/2001/XMLSchema-instance" xmlns:dcterms="http://purl.org/dc/terms/" xsi:schemaLocation="http://www.loc.gov/MARC21/slim http://www.loc.gov/standards/marcxml/schema/MARC21slim.xsd">
<leader>00925njm 22002777a 4500</leader>
<datafield tag="042" ind1=" " ind2=" ">
<subfield code="a">dc</subfield>
</datafield>
<datafield tag="720" ind1=" " ind2=" ">
<subfield code="a">Barea Gómez, Pedro</subfield>
<subfield code="e">author</subfield>
</datafield>
<datafield tag="720" ind1=" " ind2=" ">
<subfield code="a">Melgosa Gómez, Rodrigo</subfield>
<subfield code="e">author</subfield>
</datafield>
<datafield tag="720" ind1=" " ind2=" ">
<subfield code="a">Illera Gigante, Alba Ester</subfield>
<subfield code="e">author</subfield>
</datafield>
<datafield tag="720" ind1=" " ind2=" ">
<subfield code="a">Alonso Riaño, Patricia</subfield>
<subfield code="e">author</subfield>
</datafield>
<datafield tag="720" ind1=" " ind2=" ">
<subfield code="a">Díaz de Cerio Alonso de Mezquía, Elixabet</subfield>
<subfield code="e">author</subfield>
</datafield>
<datafield tag="720" ind1=" " ind2=" ">
<subfield code="a">Benito Román, Oscar</subfield>
<subfield code="e">author</subfield>
</datafield>
<datafield tag="720" ind1=" " ind2=" ">
<subfield code="a">Beltrán Calvo, Sagrario</subfield>
<subfield code="e">author</subfield>
</datafield>
<datafield tag="720" ind1=" " ind2=" ">
<subfield code="a">Sanz Díez, Mª Teresa</subfield>
<subfield code="e">author</subfield>
</datafield>
<datafield tag="260" ind1=" " ind2=" ">
<subfield code="c">2023-08</subfield>
</datafield>
<datafield tag="520" ind1=" " ind2=" ">
<subfield code="a">The hydrolysis of the water-soluble protein (WSP) fraction from tuna fish meal was evaluated by subcritical water (subW) by using N2 and CO2 as different pressurization agents in the temperature range from 140 to 180 °C. For both gases, the amino group release increased by increasing working temperature while the Lowry response decreased due to production of smaller-size peptides and free amino acids.&#xd;
&#xd;
The free amino acid content was higher with CO2 than with N2. At 180 °C, 344 ± 5 and 275 ± 3 mg of free amino acids per g of WSP were released, respectively; although, in both systems the smallest molecular weight amino acids, glycine and alanine, were preferentially released. The free amino acids content obtained by enzymatic hydrolysis with commercial proteases Alcalase and Novozym was much lower with the highest hydrolysis yield determined for histidine. These results have been supported by size exclusion chromatography analysis.</subfield>
</datafield>
<datafield tag="024" ind2=" " ind1="8">
<subfield code="a">0308-8146</subfield>
</datafield>
<datafield tag="024" ind2=" " ind1="8">
<subfield code="a">http://hdl.handle.net/10259/7703</subfield>
</datafield>
<datafield tag="024" ind2=" " ind1="8">
<subfield code="a">10.1016/j.foodchem.2023.135925</subfield>
</datafield>
<datafield ind1=" " ind2=" " tag="653">
<subfield code="a">Soluble fish meal protein</subfield>
</datafield>
<datafield ind1=" " ind2=" " tag="653">
<subfield code="a">Hydrolysis</subfield>
</datafield>
<datafield ind1=" " ind2=" " tag="653">
<subfield code="a">Subcritical water</subfield>
</datafield>
<datafield ind1=" " ind2=" " tag="653">
<subfield code="a">Carbon dioxide</subfield>
</datafield>
<datafield tag="245" ind1="0" ind2="0">
<subfield code="a">Production of small peptides and low molecular weight amino acids by subcritical water from fish meal: Effect of pressurization agent</subfield>
</datafield>
</record></metadata></record></GetRecord></OAI-PMH>